Klicke die schwedischen Städte auf einer Karte - Statistiken

Allgemein
  • Dieses Quiz wurde 44 mal gespielt
  • Das Durchschnittsergebnis liegt bei 8 aus 17
Antworten auf der Karte
Die Antworten werden auf der Karte rot bzw. grün angezeigt, abhängig davon wie oft sie richtig erraten wurden.
 
Antwortstatistiken
Antwort % Korrekt
Malmö
86%
Stockholm
77%
Kalmar
66%
Visby
63%
Uppsala
54%
Göteborg
49%
Jönköping
49%
Kiruna
49%
Luleå
49%
Umeå
46%
Falun
43%
Norrköping
43%
Örebro
40%
Sundsvall
40%
Karlstad
31%
Halmstad
29%
Östersund
29%
Keine übereinstimmenden Quizze gefunden
Verteilung der Resultate
Anzahl Personen mit jedem Resultat
Perzentil nach korrekt beantworteten Fragen
Ihre Resultats-Entwicklung
Sie haben dieses Quiz noch nicht gespielt